000
00319nam a2200145Ia 4500
100
_a
Schulman A & others
942
_c
BK
654
_a
Computer
245
_a
Undocumented Windows
260
_b
Addison Wesley Pub
_a
Massachusetts
_c
1992
082
_a
005.13 'W'
300
_a
715
546
_a
ENGLISH
999
_c
22477
_d
22477